000 00481nam a2200157 4500
001 137961
003 ES-MaACL
005 20230906195457.0
007 t|
008 070214s1963 sp r ||||1| spa d
100 1 _aSánchez Fontán, Rosendo.
_9102647
245 1 0 _aCaprichos de mi arco iris
_b: poesías /
_cpor Rosendo Sánchez Fontán.
260 _aMadrid :
_b[s. n.],
_c1963 (
_fImp. R. Taravilla Paul)
300 _a80 p. ;
_c16 cm.
852 _aES-MaACL
_jC-25665
_bR.53077
999 _c137961
_d137961